000 00642nam a22002417a 4500
003 UA-OsUOA
001 48105
007 ta
008 20070830b un ||||| |||| 00| 0 ukr d
100 _aАрутюнянц А. С.
700 _aКостовецький А. М.
090 _a821,161,2
_bА86
942 _cBK
040 _aUA-OsUOA
_bukr
_cUA-OsUOA
_dUA-OsUOA
245 _aШаржі, епіграми
300 _a111 с.
955 _a2
041 _aukr
080 _a821,161,2
260 _aК.
_bМистецтво
_c1967
650 7 _a82 Література. Літературознавство
_2UDC
999 _c334208
_d334208